[Event "Pavlodar Open 2019"]
[Site "Pavlodar"]
[Date "2019.11.28"]
[Round "9.6"]
[White "Vorobiov, Evgeny E."]
[Black "Faizrakhmanov, Ramil"]
[Result "1/2-1/2"]
[WhiteElo "2554"]
[BlackElo "2434"]
[Annotator "TA"]
[PlyCount "126"]
[EventDate "2019.11.21"]
[EventType "swiss"]
[EventCountry "KAZ"]
[SourceTitle "playchess.com"]
[Source "ChessBase"]
[SourceQuality "1"]

{[%evp 11,126,23,26,26,26,23,23,19,16,7,11,13,20,10,10,8,3,6,20,14,15,18,18,19,21,21,19,19,19,16,18,19,24,21,16,14,14,14,14,14,19,14,14,13,25,0,0,0,49,33,22,32,22,22,83,81,82,77,76,67,63,45,127,102,104,84,84,84,83,59,60,28,29,33,34,41,59,0,0,0,0,0,0,0,0,0,0,0,0,0,0,0,0,0,0,0,0,0,0,0,0,0,0,0,0,0,0,0,0,0,0,0,0,0,0,0,0]} 1. d4 Nf6 2. c4 e6 3. g3 d5 4. Nf3 dxc4 5. Bg2 Bb4+ 6. Bd2 a5 7. Qc2 {E04: Open Catalan: 5 Nf3} (7. O-O O-O 8. Qc2 Bxd2 9. Nbxd2 b5 10. a4 c6 11. b3 cxb3 12. Nxb3 b4 13. e4 Nbd7 14. h4 h6 15. e5 {½-½ (93) Abasov,N (2632)-Piorun,K (2660) Khanty-Mansiysk 2019}) 7... Bxd2+ 8. Qxd2 c6 9. a4 {White has an edge.} Ne4 10. Qf4 Qb6 11. O-O Qxb2 {[%mdl 64] [#] Double Attack} 12. Ne5 O-O $1 13. Na3 $1 Nc3 {[%mdl 64] Double Attack} 14. Qe3 Nxe2+ 15. Kh1 $146 Nc3 $1 16. Naxc4 Qb4 17. Rfc1 Nd5 18. Bxd5 $1 exd5 19. Nd3 Qxc4 20. Rxc4 dxc4 21. Nf4 $1 Nd7 22. d5 Nf6 23. dxc6 Ra6 24. c7 {[#] Black must now prevent Rd1.} Rc6 25. Qe7 {Threatens to win with Rd1.} Ne8 26. Rd1 {Strongly threatening Rd8!} Rxc7 27. Qe5 $36 {[%mdl 2048] White fights for an advantage.} Rd7 28. Re1 {And now Qxe8 would win.} Nf6 29. Qxa5 Rd6 30. f3 h6 31. Qb4 Rc6 32. Rc1 Re8 (32... g5 $11 33. Ne2 Rd8) 33. Rxc4 $16 Bd7 34. Kg2 Rxc4 35. Qxc4 Bc6 36. Ne2 Bxa4 (36... Nd5 $14 37. Kf2 Ra8) 37. Nd4 Bd7 38. g4 {[%mdl 1024] White has strong compensation.} Re5 39. h4 Rd5 40. Kg3 b5 41. Qb4 h5 $1 {[%cal Rh5g4]} 42. g5 Ne8 43. Kf2 Nd6 44. Qc3 (44. Ne2 $14 Nf5 45. Qa5) 44... Nf5 $11 {The position is equal.} 45. Nxf5 Rxf5 {[%mdl 4096] Endgame KQ-KRB} 46. Qd4 Be6 47. f4 Rd5 48. Qb6 g6 49. Ke3 Bf5 50. Qc6 Be6 51. Qb6 Kg7 52. Ke4 Rf5 53. Ke3 Bc4 54. Ke4 Rd5 55. Qf6+ Kg8 56. Qb6 Rd1 57. f5 {Qb8+ would kill now.} Bd3+ 58. Ke5 {White wants to mate with Qd8+.} Bxf5 59. Kf6 {Qb8+ is the strong threat.} Be6 60. Qb8+ Kh7 61. Qf8 {[%csl Gf6][%cal Rf8g7]} Rf1+ 62. Ke7 Bc4 63. Qh6+ Kg8 {Accuracy: White = 79%, Black = 83%.} 1/2-1/2

[Event "Pavlodar Open 2019"]
[Site "Pavlodar"]
[Date "2019.11.28"]
[Round "9.7"]
[White "Nogerbek, Kazybek"]
[Black "Sivuk, Vitaly"]
[Result "0-1"]
[WhiteElo "2352"]
[BlackElo "2582"]
[Annotator "TA"]
[PlyCount "90"]
[EventDate "2019.11.21"]
[EventType "swiss"]
[EventCountry "KAZ"]
[SourceTitle "playchess.com"]
[Source "ChessBase"]
[SourceQuality "1"]

{[%evp 14,90,23,14,37,16,14,2,41,0,0,0,43,18,31,-88,-73,-77,-84,-92,-90,-106,0,-96,-44,-167,-163,-225,-222,-235,-245,-254,-249,-256,-227,-400,-383,-396,-381,-397,-391,-414,-406,-518,-487,-922,-895,-804,-624,-1006,-1018,-1005,-980,-1055,-586,-757,-513,-540,-519,-485,-383,-362,-372,-361,-362,-1010,-1010,-840,-603,-581,-559,-741,-701,-1098,-1098,-29988,-29989,-29989,-29989]} 1. e4 c5 2. Nf3 d6 3. d4 cxd4 4. Nxd4 Nf6 5. Nc3 a6 6. h3 e6 7. g4 Be7 8. Bg2 Nfd7 {B81: Sicilian Scheveningen: Keres Attack} 9. Be3 Nc6 10. Nce2 Nce5 $146 {The position is equal.} ({Predecessor:} 10... Nde5 11. b3 h5 12. gxh5 Rxh5 13. Qd2 Ng6 14. Rg1 Bd7 15. O-O-O {0-1 (62) Quesada Perez,Y (2647)-Duda,J (2610) Havana 2015}) 11. b3 Ng6 12. Rg1 Qc7 13. Qd2 b5 {[%cal Bb7b5,Bb5b4][%mdl 32]} 14. Rc1 (14. Nf5 $14 {stays ahead.}) 14... Bb7 15. c4 b4 16. Ng3 Nc5 17. Nh5 Rg8 (17... O-O $17 18. Kf1 Nh4) 18. f3 (18. Ng3 $11) 18... Ne5 (18... Nh4 $17 19. Bh1 g6) 19. Ke2 ({Better is} 19. Bf1 $15) 19... Ned3 $1 $19 20. Rc2 {[#]} (20. Nc2 $142) 20... g6 $1 21. Ng3 e5 22. Ndf5 gxf5 23. Nxf5 Bc8 24. Kd1 $2 (24. Nh6 {might work better.} Rg6 25. Nf5) 24... a5 25. Bf1 Bxf5 26. exf5 {[#]} Nf4 $1 27. Bxf4 exf4 28. Qxf4 a4 29. Qe3 (29. bxa4 $142 Qa7 30. g5) 29... axb3 30. axb3 Ra1+ 31. Ke2 {White hopes to continue with f6.} Kd8 {...Bg5 is the strong threat.} 32. Kf2 Bg5 33. f4 Bf6 34. Kg2 Qc6+ 35. Kh2 {intending Bg2.} Re8 36. Qf2 Qe4 {And now ...Bd4 would win.} 37. Bg2 {[#]} Qe3 $1 {[%cal Re3f2]} 38. Rxa1 Bxa1 39. Qf1 $2 (39. Qxe3 Rxe3 40. Ra2) 39... Bd4 40. Ra2 Nd3 41. Bc6 {aiming for Ra8+.} Re7 42. g5 Nxf4 {White must now prevent ...Nh5.} 43. Ra8+ Kc7 {( -> ...Nh5)} 44. Bf3 Qd2+ 45. Kg3 Re1 {Accuracy: White = 18%, Black = 70%.} 0-1

[Event "Pavlodar Open 2019"]
[Site "Pavlodar"]
[Date "2019.11.29"]
[Round "10.1"]
[White "Makhnev, Denis"]
[Black "Tiviakov, Sergei"]
[Result "1/2-1/2"]
[WhiteElo "2476"]
[BlackElo "2613"]
[Annotator "TA"]
[PlyCount "43"]
[EventDate "2019.11.21"]
[EventType "swiss"]
[EventCountry "KAZ"]
[SourceTitle "playchess.com"]
[Source "ChessBase"]
[SourceQuality "1"]

{[%evp 19,43,10,18,15,15,13,11,2,12,6,13,-8,0,0,0,22,33,33,25,18,27,21,39,43,36,14]} 1. d4 Nf6 2. c4 e6 3. g3 d5 4. Bg2 Bb4+ 5. Bd2 Be7 6. Nf3 c6 7. Qc2 b6 8. Bf4 O-O 9. O-O Bb7 10. Rd1 Na6 11. a3 {E06: Closed Catalan: Early deviations} Rc8 12. Nbd2 $146 ({Predecessor:} 12. Nc3 dxc4 13. Ne5 Nd5 14. Nxc4 Nxf4 15. gxf4 Nc7 16. e3 Nd5 17. b4 Kh8 18. Ne2 Qe8 {½-½ (34) Huzman,A (2567)-Pelletier,Y (2566) Novi Sad 2016}) 12... c5 13. dxc5 {The position is equal.} Nxc5 14. b4 Ncd7 15. Qd3 a5 16. Qb3 axb4 17. axb4 dxc4 18. Nxc4 Bd5 19. Nfe5 Nxe5 20. Bxd5 Nxd5 21. Bxe5 Bf6 {[#] ...b5 is the strong threat.} ({Not} 21... Bxb4 $2 22. e4 $18) 22. e4 1/2-1/2

[Event "Pavlodar Open 2019"]
[Site "Pavlodar"]
[Date "2019.11.29"]
[Round "10.2"]
[White "Khegay, Dmitriy"]
[Black "Burmakin, Vladimir"]
[Result "1/2-1/2"]
[WhiteElo "2504"]
[BlackElo "2508"]
[Annotator "TA"]
[PlyCount "23"]
[EventDate "2019.11.21"]
[EventType "swiss"]
[EventCountry "KAZ"]
[SourceTitle "playchess.com"]
[Source "ChessBase"]
[SourceQuality "1"]

{[%evp 14,23,36,22,45,12,15,18,4,7,14,12]} 1. e4 c6 2. d4 d5 3. exd5 cxd5 4. Bd3 Nc6 5. c3 Nf6 6. h3 g6 7. Nf3 Bg7 8. O-O Bf5 {B13: Caro-Kann: Exchange Variation and Panov-Botvinnik Attack} 9. Ne5 (9. Re1 O-O 10. Bf1 a6 11. Bf4 Ne4 12. Nbd2 Re8 13. Nxe4 Bxe4 14. Nd2 Bf5 15. Nb3 Qb6 16. a4 Na5 17. Nxa5 Qxa5 {1-0 (34) Aronian,L (2767)-Mamedyarov,S (2801) Saint Louis 2018}) 9... Bxd3 {The position is equal.} 10. Nxd3 O-O 11. Bf4 Re8 $146 ({Predecessor:} 11... e6 12. Nd2 Nd7 13. Re1 a6 14. Nf3 Rc8 {½-½ (45) Ragger,M (2687)-Sokolov,A (2532) St Petersburg 2018}) 12. Nd2 1/2-1/2

[Event "Pavlodar Open 2019"]
[Site "Pavlodar"]
[Date "2019.11.29"]
[Round "10.3"]
[White "Sivuk, Vitaly"]
[Black "Korneev, Oleg"]
[Result "1/2-1/2"]
[WhiteElo "2582"]
[BlackElo "2530"]
[Annotator "TA"]
[PlyCount "77"]
[EventDate "2019.11.21"]
[EventType "swiss"]
[EventCountry "KAZ"]
[SourceTitle "playchess.com"]
[Source "ChessBase"]
[SourceQuality "1"]

{[%evp 18,77,38,30,35,21,9,12,19,10,12,18,11,13,29,34,52,32,62,51,50,37,41,56,38,26,35,25,14,19,23,11,11,11,12,12,8,10,16,6,5,11,39,29,29,1,10,9,12,1,9,0,0,0,0,0,0,0,0,0,0,0]} 1. d4 d5 2. c4 c6 3. Nf3 Nf6 4. Nc3 e6 5. Bg5 Nbd7 6. e3 Qa5 7. cxd5 Nxd5 8. Qd2 Bb4 9. Rc1 h6 10. Bh4 b6 {D52: Queen's Gambit Declined: Cambridge Springs Variation} 11. a3 Bxc3 $1 12. bxc3 c5 13. c4 (13. Be2 {with more complications.} Ba6 14. Bxa6 Qxa6 15. c4 N5f6 16. Qd3) 13... Qxd2+ 14. Nxd2 Ne7 15. f3 Bb7 16. Be2 {[#]} Rc8 $146 ({Predecessor:} 16... f5 17. Bf2 Kf7 18. O-O {½-½ (28) Ragger,M (2670)-Dreev,A (2694) Belfort 2012}) 17. O-O f5 18. Bf2 Kf7 19. a4 Rhd8 20. a5 bxa5 21. Ra1 Nb6 $1 22. Rfd1 cxd4 23. exd4 Ba6 {[%cal Ra6c4]} 24. Rdc1 a4 25. Bf1 Nc6 26. c5 Bxf1 27. Kxf1 Nd5 ({Much worse is} 27... Nxd4 28. cxb6 Rxc1+ 29. Rxc1 $16) 28. Nc4 Rb8 29. Rxa4 Ke7 30. Rca1 Rb4 31. Ra6 Rxc4 {The position is equal.} 32. Rxc6 Kf6 33. Rca6 Rd7 $1 34. g3 g5 35. Rxa7 Rxa7 36. Rxa7 Rc1+ 37. Kg2 Rc2 {[#] ...Ne3+ is the strong threat.} 38. Ra1 h5 39. Kf1 {Accuracy: White = 41%, Black = 76%.} 1/2-1/2

[Event "Pavlodar Open 2019"]
[Site "Pavlodar"]
[Date "2019.11.29"]
[Round "10.4"]
[White "Obolenskikh, Dmitry"]
[Black "Faizrakhmanov, Ramil"]
[Result "1-0"]
[WhiteElo "2542"]
[BlackElo "2434"]
[Annotator "TA"]
[PlyCount "71"]
[EventDate "2019.11.21"]
[EventType "swiss"]
[EventCountry "KAZ"]
[SourceTitle "playchess.com"]
[Source "ChessBase"]
[SourceQuality "1"]

{[%evp 9,71,6,20,0,0,0,16,18,26,8,4,7,16,16,15,22,20,14,8,18,18,20,22,14,31,30,33,-2,0,0,-19,-8,-8,-35,0,0,0,0,7,-43,33,-271,0,-17,0,0,0,0,0,0,0,0,74,75,77,78,339,337,29983,29984,29984,29985,29998,29999]} 1. Nf3 Nf6 2. c4 e6 3. Nc3 Bb4 4. Qc2 O-O 5. e3 b6 6. b3 {A17: English Opening: 1...Nf6 with ...Bb4} (6. Be2 Bb7 7. O-O d5 8. b3 Nbd7 9. cxd5 Nxd5 10. Nxd5 Bxd5 11. Bb2 Be7 12. d4 c5 13. e4 Bb7 14. Rad1 Qc8 15. d5 exd5 16. exd5 {½-½ (37) Bu,X (2695)-Markos,J (2566) Khanty-Mansiysk 2010}) 6... Bb7 7. Bb2 h6 $146 ({Predecessor:} 7... d6 8. Be2 Nbd7 9. O-O Bxc3 10. Qxc3 e5 11. d3 a5 12. a3 Nc5 13. Nd2 {1-0 (56) Bischoff,K (2521)-Rindlisbacher,L (2204) Deizisau 2012}) 8. Be2 {The position is equal.} d5 9. a3 Be7 10. O-O Nbd7 11. cxd5 exd5 12. Nd4 Re8 13. Bb5 c5 14. Nc6 $1 {[%cal Rc6d8]} Qc7 15. Nxe7+ Rxe7 16. Ne2 Ne4 17. Nd4 {Black must now prevent Nf5.} Nd6 {...Ne5 is the strong threat.} 18. Be2 Nf8 19. Nf5 Nxf5 20. Qxf5 d4 21. Rfe1 Rd8 (21... Rae8 {is interesting.} 22. Qh3 Ng6 23. Qg3 Qd7 24. Rac1 Re5) 22. Bf1 Rd5 23. Qh3 Ne6 24. Rac1 Qd8 ({Black should play} 24... Ng5 $15 25. Qh4 Qd8) 25. exd4 $2 {[%mdl 8192] [#]} (25. f4 $14 {keeps the upper hand.}) 25... Nxd4 $2 (25... Rg5 $1 $19 {Strongly threatening ...Nf4!} 26. Rxe6 Rxe6 27. dxc5 {[#]} Bxg2 $1 {[%mdl 512]} 28. Bxg2 Qxd2) 26. b4 $11 Ne6 27. bxc5 bxc5 ({Don't play} 27... Rxd2 $6 28. c6 $18) 28. Bc3 Rg5 {aiming for ...Nf4!} 29. Qe3 Qd5 {[%cal Rg5g2]} 30. f3 Nd4 (30... Bc6 $11) 31. Qxe7 $16 Nxf3+ 32. Kh1 Rh5 $2 {[%mdl 8192]} (32... Nxe1 $16 33. Rxe1 Rxg2 34. Qxb7 Qxb7 35. Bxg2 Qb5) 33. Qc7 $18 ({Much less strong is} 33. Qe8+ Kh7 $18) 33... Qg5 $2 (33... Rxh2+ $18 34. Qxh2 Nxh2 35. Kxh2 f6) 34. Re8+ {White mates.} Kh7 35. Bd3+ f5 {[#]} 36. Bxf5+ $1 {Accuracy: White = 61%, Black = 45%.} 1-0

[Event "Pavlodar Open 2019"]
[Site "Pavlodar"]
[Date "2019.11.29"]
[Round "10.5"]
[White "Zhigalko, Andrey"]
[Black "Khusenkhojaev, Muhammad"]
[Result "0-1"]
[WhiteElo "2537"]
[BlackElo "2427"]
[Annotator "TA"]
[PlyCount "78"]
[EventDate "2019.11.21"]
[EventType "swiss"]
[EventCountry "KAZ"]
[SourceTitle "playchess.com"]
[Source "ChessBase"]
[SourceQuality "1"]

{[%evp 22,120,22,27,42,16,10,0,0,0,0,0,43,-3,123,39,59,0,0,0,10,0,18,12,82,87,132,133,246,32,22,33,35,17,27,11,25,0,0,0,10,12,111,97,83,0,0,0,0,0,0,0,0,0,0,0,0,0,0,0,0,-1709,-1345,-1345,-1341,-1213,-1114,-5130,-1624,-1529,-1503,-1456,-1441,-1188,-893,-1157,-1132,-1114,-1045,-5185,-7045,-29941,-29942,-29945,-29948,-29949,-29950,-29950,-29951,-29951,-29954,-29984,-29985,-29985,-29986,-29987,-29988,-29988,-29989,-29988,-29989]} 1. e4 e5 2. Nf3 Nc6 3. Bb5 a6 4. Ba4 Nf6 5. O-O Be7 6. Re1 b5 7. Bb3 d6 8. c3 O-O 9. h3 Nb8 10. d4 Nbd7 11. c4 c6 12. Nc3 b4 {C95: Closed Ruy Lopez: Breyer Variation with 10 d4} 13. Ne2 Nxe4 14. Qc2 f5 {The position is equal.} 15. c5+ d5 16. Be3 Bf6 17. dxe5 {[#]} Bxe5 $146 (17... Nxe5 $11 {keeps the balance.} 18. Nfd4 Qe8) ({Predecessor:} 17... Nxe5 18. Nfd4 a5 19. Nf4 a4 20. Bxa4 Rxa4 21. Qxa4 {½-½ (47) Rakotomaharo,F (2415)-Vajda,L (2577) Budapest 2018}) 18. Ned4 (18. Rad1 $1 $16) 18... Bxd4 $1 $14 19. Bxd4 (19. Nxd4 $14 Qf6 20. f3 Nexc5 21. Nxc6 $1 {[%mdl 512]} Qxc6 22. Rac1) 19... a5 20. a3 bxa3 21. Rxa3 Re8 22. Ba4 Qc7 (22... Bb7 $11) 23. Nh4 $16 Nf8 24. f3 $1 Qg3 (24... Nf6 $16 {was necessary.} 25. Rxe8 Nxe8) 25. Rd1 $2 ({Better is} 25. Qc1 $18 Ng5 26. Rxe8 Nxh3+ 27. Kh1 Qxh4 28. Qe1 Qxd4 29. gxh3 (29. Bxc6 Bb7 $11)) 25... Ng5 $14 26. Bxc6 Nxh3+ $1 ({Avoid the trap} 26... Re1+ $2 27. Rxe1 Nxh3+ 28. Kf1 $18) 27. Kh1 Re1+ $1 28. Rxe1 Qxe1+ 29. Kh2 Qxh4 30. gxh3 Qf4+ 31. Kh1 Ra6 (31... Rb8 $1 $11 32. Bg1 (32. Bxd5+ Be6 $14) 32... Rb4) 32. Bxd5+ $16 Be6 33. Be3 ({White should play} 33. Qc4 $16 Bxd5 34. Qxd5+ Kh8 35. Qc4) 33... Qg3 $11 34. Qxf5 Bxd5 35. Qxd5+ Re6 36. c6 {next Rc3 is good for White.} Qxh3+ 37. Kg1 {White wants to play Rc3.} Kh8 $36 {[%mdl 2048] Black has the initiative.} 38. Rc3 {With the idea c7.} Rg6+ 39. Bg5 $1 {Black must now prevent f4.} Qh4 {Played: Qh3-g3} 0-1

[Event "Pavlodar Open 2019"]
[Site "Pavlodar"]
[Date "2019.11.29"]
[Round "10.6"]
[White "Urazayev, Arystanbek"]
[Black "Yudin, Sergei"]
[Result "1/2-1/2"]
[WhiteElo "2433"]
[BlackElo "2497"]
[Annotator "TA"]
[PlyCount "24"]
[EventDate "2019.11.21"]
[EventType "swiss"]
[EventCountry "KAZ"]
[SourceTitle "playchess.com"]
[Source "ChessBase"]
[SourceQuality "1"]

{[%evp 9,24,30,14,15,26,30,35,39,72,35,64,62,67,52,62,45,52]} 1. e4 d6 2. d4 Nf6 3. Nc3 e5 4. Nge2 Be7 5. h3 (5. Be3 O-O 6. f3 exd4 7. Qxd4 Nc6 8. Qd2 a6 9. O-O-O b5 10. Kb1 Ne5 11. Nd4 c5 12. Nf5 Bxf5 13. exf5 {1-0 (45) Anand,V (2773)-Yudin,S (2507) St Petersburg 2018}) 5... O-O 6. g4 {B07: Pirc Defence: Miscellaneous Systems} exd4 7. Qxd4 Nc6 8. Qd1 Rb8 9. Bg2 (9. g5 $5 {[%cal Rg5f6]}) 9... b5 {White is slightly better.} 10. g5 $146 ({Predecessor:} 10. a3 a6 11. O-O Re8 12. Be3 Bf8 13. Ng3 b4 14. axb4 Nxb4 {½-½ (76) Nakamura,H (2568)-Campora,D (2510) Buenos Aires 2003}) 10... Nd7 11. f4 Re8 12. O-O b4 1/2-1/2